000 00213nam a2200085Ia 4500
008 170620s9999 xx 000 0 und d
100 _aSINGH DR VIJAY LAXMI
245 0 _aINTRODUCTATION TO ECONOMICS
260 _bCENTRAL LAW PUB
260 _c2016
999 _c29809
_d29809